000 00354nam a2200145Ia 4500
008 230917s9999||||xx |||||||||||||| ||und||
040 _e114728
_aMAIN
041 _aEnglish
082 _a822.33 S15M
100 _aShakespeare, William
245 0 _aMidsummer night's dream
260 _aNew Delhi
_bViva Books
_c2007
300 _a151 p.
942 _cBK
999 _c140722
_d140722